Managing for organizational effectiveness (Record no. 82548)
[ view plain ]
| 000 -LEADER | |
|---|---|
| fixed length control field | 00662nam a2200157 a 4500 |
| 008 - FIXED-LENGTH DATA ELEMENTS--GENERAL INFORMATION | |
| fixed length control field | 120416s9999 xx |||||||||||||| || u |
| 050 ## - LIBRARY OF CONGRESS CALL NUMBER | |
| Classification number | HD 31 Fin |
| 100 ## - MAIN ENTRY--PERSONAL NAME | |
| Personal name | Finch, Frederic E |
| 245 10 - TITLE STATEMENT | |
| Title | Managing for organizational effectiveness |
| 246 ## - | |
| -- | an experimental approach |
| 350 ## - | |
| -- | 0.00 |
| 650 ## - SUBJECT ADDED ENTRY--TOPICAL TERM | |
| Topical term or geographic name entry element | ORGANIZATIONAL EFFECTIVENESS |
| 650 #0 - SUBJECT ADDED ENTRY--TOPICAL TERM | |
| Topical term or geographic name entry element | MANAGEMENT |
| 995 ## - | |
| -- | BINDERY (DAMAGED) |
| -- | 0.00 |
| -- | 706386 |
| -- | CBU-MAIN LIBRARY (Kitwe) |
| -- | 1 |
| -- | 0.00 |
| -- | HD 31 Fin |
| -- | 1 |
| -- | DAMAGED |
| -- | 000443 |
| -- | Main Library Open Access Collection |
| 995 ## - | |
| -- | BINDERY (DAMAGED) |
| -- | 0.00 |
| -- | 712568 |
| -- | CBU-MAIN LIBRARY (Kitwe) |
| -- | 2 |
| -- | 0.00 |
| -- | HD 31 Fin |
| -- | 2 |
| -- | DAMAGED |
| -- | 000444 |
| -- | Main Library Open Access Collection |
| 999 ## - | |
| -- | 82548 |
| -- | 82548 |
| Withdrawn status | Lost status | Source of classification or shelving scheme | Damaged status | Not for loan | Permanent Location | Current Location | Shelving location | Date acquired | Total Checkouts | Full call number | Barcode | Date last seen | Copy number | Price effective from | Koha item type |
|---|---|---|---|---|---|---|---|---|---|---|---|---|---|---|---|
| CBU-MAIN LIBRARY, KITWE. | CBU-MAIN LIBRARY, KITWE. | 09/29/2023 | HD 31 Fin | 000443 | 09/29/2023 | 1 | 09/29/2023 | MONOGRAPH | |||||||
| CBU-MAIN LIBRARY, KITWE. | CBU-MAIN LIBRARY, KITWE. | 09/29/2023 | HD 31 Fin | 000444 | 09/29/2023 | 2 | 09/29/2023 | MONOGRAPH |